Score 0/20 Timer 03:00
1 Play Today
Disney Song Missing Word % Correct
You've Got a Friend In _____Me
96.6%
Be Our _____Guest
92.3%
_____ the SeaUnder
90.3%
Some Day My _____ Will ComePrince
89.6%
_____ of LifeCircle
89.5%
That's What _____ Are ForFriends
85.2%
Just Around the _____Riverbend
70.6%
_____ of FriendsBest
64.9%
Feed the _____Birds
64.6%
The _____ Star to the RightSecond
60.4%
Disney Song Missing Word % Correct
One _____ AheadJump
46.3%
A _____ of a TaleWhale
44.4%
_____ MineBaby
42.3%
Bella _____Notte
33.5%
Little _____ ShowerApril
33%
Give a Little _____Whistle
28%
_____ On the WaterCandle
27.8%
A _____ Like YouGuy
21%
One Last _____Hope
17.8%
_____ LocomotionSubstitutiary
5.3%

Today's Daily Dose

Remove Ads.
Support Sporcle.
Get the best of Sporcle when you Go Orange. This ad-free experience offers more features, more stats, and more fun while also helping to support Sporcle. Thank you for becoming a member.

You're not logged in!

Compare scores with friends on all Sporcle quizzes.
OR
Log In

Show Comments

Extras

Top Quizzes Today


Score Distribution

Your Account Isn't Verified!

In order to create a playlist on Sporcle, you need to verify the email address you used during registration. Go to your Sporcle Settings to finish the process.

Report this User

Report this user for behavior that violates our Community Guidelines.

Details: